Luna estelar / (Record no. 14915)

000 -CABECERA
fixed length control field 00630nam a22001937a 4500
003 - IDENTIFICADOR DEL NÚMERO DE CONTROL
control field AR-CdUCM
008 - DATOS DE LONGITUD FIJA--INFORMACIÓN GENERAL
fixed length control field 190425b ||||| |||| 00| 0 spa d
020 ## - NÚMERO INTERNACIONAL ESTÁNDAR DEL LIBRO
ISBN 978-968-16-8433-4
040 ## - FUENTE DE LA CATALOGACIÓN
Agencia/entidad que catalogó originalmente la obra MUNICIPALIDAD PROVINCIAL DEL CUSCO
Entidad que transcribió la catalogación BIBLIOTECA MUNICIPAL DEL CUSCO
082 ## - NÚMERO DE LA CLASIFICACIÓN DECIMAL DEWEY
No. de Clasificación PI / 808.06 /
Notacion interna F88
100 ## - ENTRADA PRINCIPAL--NOMBRE DE PERSONA
Nombre Personal Fukuda, Ricca
245 ## - MENCIÓN DE TÍTULO
Título Luna estelar /
260 ## - PUBLICACIÓN, DISTRIBUCIÓN, ETC.
Lugar de publicación, distribución, etc. México D.F, :
Nombre de la editorial, distribuidor, etc. Fondo de cultura económica,
Fecha de publicación, distribución, etc. 2010.
300 ## - DESCRIPCIÓN FÍSICA
Nº de Páginas Extensión 44 páginas ;
Otros detalles físicos Ilustraciones,
Dimensiones 22 cm.
650 ## - PUNTO DE ACCESO ADICIONAL DE MATERIA--TÉRMINO DE MATERIA
Descriptor Literatura infantil
9 (RLIN) 588
700 ## - PUNTO DE ACCESO ADICIONAL--NOMBRE DE PERSONA
Nombre Personal Barrera Parra, Jaime (traducción)
9 (RLIN) 33889
942 ## - ELEMENTOS DE PUNTO DE ACCESO ADICIONAL (KOHA)
Fuente de clasificación
Tipo de item Libros-BMC
945 ## - PROCESAMIENTO DE INFORMACIÓN LOCAL (OCLC)
Catalogador acv
AAAA-MM-DD - Fecha de ingreso o modificacion 2019-04-25
Holdings
Estado de retiro (separado) Fuente de clasificación o esquema de estanterías Estado dañado Ubicación Sala donde se ubica Nombre de la colección Fecha de adquisición o compra Costo, precio normal en soles Signatura topográfica Código de Barras Última vez visto (Koha) Tipo de ítem (Koha)
No     Sala de Infantes Sala de Infantes Children's Area 2019-04-25 30.00 PI / 808.06 / F88 SI00003409 2019-04-25 Libros-BMC
No     Sala de Infantes Sala de Infantes Children's Area 2019-04-25 30.00 PI / 808.06 / F88 / e.2 SI00003410 2019-04-25 Libros-BMC

Powered by Koha